000 00617cam a22002291 4500
001 sa 68005433
003 DLC
005 20260227112509.0
008 710915s1967 ii d 000 0 eng
010 _asa 68005433
025 _aPL480:I-E-9711
040 _aDLC
_cDLC
_dDLC
041 0 _aengori
050 0 0 _aPK2566
_b.S2
100 1 _aSathia, N. P.
245 1 2 _aA dictionary of idioms, phrases & terms,
_cby N. P. Sathia.
250 _a1st ed.
260 _aCuttack,
_bGrantha Mandir,
_c1967.
300 _a2, 500 p.
_c19 cm.
350 _aRs6.50
650 0 _aEnglish language
_xIdioms
_xDictionaries
_xOriya.
999 _c80738
_d80738